000 00689nam a2200217 a 4500
005 20160206103556.0
008 140317b2000 pe ||||| |||| 00| 0 spa d
020 _a9972792048
040 _aCO-BoIAVH
_cCO-BoIAVH
041 _aspa
044 _ape
082 1 4 _a632.1085
_bC54r
245 1 0 _aResponsabilidad por el daño ambiental en Perú:
_breflexión y debate/
_ceditado por Carlos Chirino
260 _aLima:
_bSociedad Peruana de Derecho Ambiental,
_c2000.
300 _a155 páginas
650 1 _adaño ambiental
_zPerú
650 1 _aresponsabilidad ambiental
_zPerú
700 1 _aChirinos, Carlos
_eeditor
942 _cLIBRO
_2ddc
945 _d2005-07-14
999 _c4674
_d4674